[Event "HUN-chT29899"]
[Site "HUN"]
[Date "1999.??.??"]
[Round "?"]
[White "Szeles, Karoly"]
[Black "Rigan, Jozsef"]
[Result "1-0"]
[WhiteElo "2265"]
[BlackElo "2200"]

1.d4 Nf6 2.c4 e6 3.Nf3 b6 4.a3 Bb7 5.Nc3 Be7 6.d5 exd5 7.cxd5 O-O 8.e4 d6
9.Be2 a6 10.O-O Re8 11.Bf4 Nh5 12.Be3 g6 13.Nd4 Nf6 14.Qd2 Bf8 15.f3 Bg7
16.Rac1 Qe7 17.Bg5 Qf8 18.Nd1 Rc8 19.Nf2 Nbd7 20.Rc2 h6 21.Be3 Ne8 22.Rfc1 Kh7
23.Bf1 Ndf6 24.g3 Qe7 25.Bh3 Rd8 26.Kg2 Ra7 27.a4 Raa8 28.Rc3 Nd7 29.Rxc7 Bxd4
30.Bxd4 Nxc7 31.Rxc7 Bc8 32.Bxd7 Bxd7 33.Ng4 g5 34.Bf6 Qf8 35.Bxd8 Bxg4 36.Be7 Qb8
37.Qc2 Bh5 38.Bxd6 Qe8 39.Re7 Rc8 40.Qb3 Qd8 41.Ba3 Rc1 42.d6 Kg7 43.Bb4 b5
44.Bc3+ Kf8 45.Qd5 Rc2+ 46.Kh3 g4+ 47.fxg4 Bg6 48.Qe5  1-0

[Event "SVK-ch U16"]
[Site "Ivanka pri Dunaji"]
[Date "1999.??.??"]
[Round "4"]
[White "Markos, Jan"]
[Black "Svoboda, Svatopluk"]
[Result "1-0"]
[WhiteElo "2178"]
[BlackElo "2154"]

1.d4 Nf6 2.c4 e6 3.Nf3 b6 4.a3 d5 5.Nc3 Bb7 6.cxd5 Nxd5 7.Qc2 Nd7 8.e4 Nxc3
9.bxc3 c5 10.Bd3 Qc7 11.Bg5 cxd4 12.cxd4 Qxc2 13.Bxc2 Rc8 14.Kd2 Bd6 15.Rac1 h6
16.Be3 O-O 17.Ke2 Be7 18.Bd3 Nf6 19.Nd2 Rfd8 20.f3 Nd7 21.Nc4 Nb8 22.Ne5 Bd6
23.Rxc8 Rxc8 24.Rc1 Rxc1 25.Bxc1 Nc6 26.Nxc6 Bxc6 27.g3 Kf8 28.Bb2 h5 29.f4 h4
30.Ke3 hxg3 31.hxg3 b5 32.g4 a5 33.f5 Ke7 34.e5 Bc7 35.Bc3 Bb6 36.Be4 Bd5
37.Bd3 Bc6 38.g5 Kd7 39.Bc2 Bd5 40.Kf4 Ke8 41.Bd3 Bc6 42.g6 fxg6 43.fxe6 Ke7
44.Bxg6 Kxe6 45.Bh7 Kf7 46.Be4 Bd7 47.Bd5+ Ke7 48.Ba2 Be8 49.d5 Bc5 50.d6+ Kd7
51.Bxa5 Bxa3 52.Bc7 Bg6 53.e6+ Kc8 54.Bd5 Be8 55.Kf5 Bc5 56.Ke5 Ba3 57.Bf3 b4
58.Be2 Kb7 59.Ba5 b3 60.d7 Bxd7 61.exd7 Be7 62.d8=Q  1-0

[Event "Kastel Stari op"]
[Site "Kastel Stari"]
[Date "1999.??.??"]
[Round "5"]
[White "Bilobrk, Franjo"]
[Black "Juric, Goran"]
[Result "1-0"]
[WhiteElo "2373"]
[BlackElo "2325"]

1.d4 Nf6 2.Nf3 e6 3.c4 b6 4.a3 Bb7 5.Nc3 Ne4 6.Nxe4 Bxe4 7.Nd2 Bg6 8.g3 c5
9.d5 e5 10.Bg2 d6 11.O-O Be7 12.f4 exf4 13.gxf4 Bh5 14.Ne4 O-O 15.Ng3 Bg4
16.Qd3 Bf6 17.Rb1 Re8 18.b3 Qe7 19.e3 g6 20.Bd2 Bh4 21.Rbe1 Nd7 22.e4 Rad8
23.Bc3 Nf6 24.e5 Nh5 25.f5 dxe5 26.Rxe5 Qd6 27.Qe4 Nf6 28.Qf4 Rf8 29.Qh6 Bxg3
30.hxg3 Bh5 31.fxg6 Bxg6 32.Rxf6 Qxf6 33.Re3 Qd4 34.Bxd4 cxd4 35.Re7 Rfe8
36.Qg5 d3 37.Qe5  1-0

[Event "Kharkov"]
[Site "Kharkov"]
[Date "1999.??.??"]
[Round "13"]
[White "Sumets, Andrey"]
[Black "Galakhov, S."]
[Result "1-0"]
[WhiteElo "2434"]
[BlackElo "2287"]

1.d4 Nf6 2.Nf3 e6 3.c4 b6 4.a3 Bb7 5.Nc3 d5 6.cxd5 Nxd5 7.Qc2 Nd7 8.Nxd5 exd5
9.Bg5 f6 10.Bf4 c5 11.e3 c4 12.Be2 Qe7 13.Nd2 Rc8 14.O-O g6 15.Bf3 f5 16.b3 g5
17.Bg3 Qf6 18.h4 g4 19.Be2 cxb3 20.Qxb3 Bd6 21.Bb5 Rd8 22.Rac1 O-O 23.Bc6 Bxg3
24.Bxd5+ Kh8 25.fxg3 Nc5 26.Rxc5 bxc5 27.Qxb7 cxd4 28.e4 Qe5 29.Nc4 Qxg3
30.Qxa7 Qxh4 31.Qxd4+ Qf6 32.Qxf6+ Rxf6 33.Ne3 Ra6 34.Rxf5 g3 35.Rf3 Rxa3
36.Rxg3 Ra7 37.Nf5 Rb8 38.Nd6 Rf8 39.e5 h5 40.e6 Kh7  1-0

[Event "Mendrisio op"]
[Site "Mendrisio"]
[Date "1999.??.??"]
[Round "2"]
[White "Berberich, Christoph"]
[Black "Habibi, Ali"]
[Result "0-1"]
[WhiteElo "2097"]
[BlackElo "2340"]

1.d4 Nf6 2.Nf3 b6 3.c4 e6 4.a3 Ba6 5.Qc2 Bb7 6.Nc3 c5 7.e4 cxd4 8.Nxd4 d6
9.Qe2 Be7 10.g3 a6 11.Bg2 Nbd7 12.O-O Qc7 13.Bd2 Rc8 14.b3 O-O 15.Rfc1 Rfe8
16.h3 Qb8 17.Kh2 Bf8 18.f4 g6 19.Re1 Bg7 20.Rad1 Qa8 21.Nf3 Nc5 22.Be3 Nfxe4
23.Nxe4 Nxe4 24.Qf1 b5 25.cxb5 axb5 26.Nd4 Nc3 27.Bxb7 Qxb7 28.Rc1 b4 29.a4 Qd5
30.Qf3 Qa5 31.Ne2 d5 32.Bd4 Nxe2 33.Rxc8 Rxc8 34.Bxg7 Nxg3 35.Ba1 Ne4 36.Rxe4 dxe4
37.Qxe4 Qd5 38.Qe2 Qxb3 39.Qe5 Rc2+  0-1

[Event "Mendrisio op"]
[Site "Mendrisio"]
[Date "1999.??.??"]
[Round "3"]
[White "Cvitan, Ognjen"]
[Black "Patelli, Alessandro"]
[Result "1/2-1/2"]
[WhiteElo "2521"]
[BlackElo "2225"]

1.d4 Nf6 2.Nf3 e6 3.c4 b6 4.a3 Ba6 5.Qc2 Bb7 6.Nc3 c5 7.e4 cxd4 8.Nxd4 Bc5
9.Nb3 Nc6 10.Bd3 e5 11.O-O h6 12.Rb1 O-O 13.Nxc5 bxc5 14.b4 Nd4 15.Qd1 Bc6
16.f4 d6 17.fxe5 dxe5 18.Be3 Qe7 19.b5 Bb7 20.a4 Rad8 21.a5 Ne8 22.Qg4 Rd6
23.Nd5 Bxd5 24.exd5 Rf6 25.b6 axb6 26.axb6 Rxf1+ 27.Bxf1 f5 28.Qg6 Rf6 29.Qh5 Nd6
30.Qd1 f4 31.Bxd4 exd4 32.Qe2 Qxe2 33.Bxe2 Rf7 34.h4 g5 35.hxg5  1/2-1/2

[Event "GER-ch U14"]
[Site "Oberhof"]
[Date "1999.??.??"]
[Round "?"]
[White "Rau, Hannes"]
[Black "Seifert, Volker"]
[Result "1/2-1/2"]
[WhiteElo "2190"]
[BlackElo "2135"]

1.d4 e6 2.Nf3 Nf6 3.c4 b6 4.a3 Bb7 5.Nc3 d5 6.cxd5 exd5 7.Bg5 Be7 8.e3 O-O
9.Bd3 Nbd7 10.O-O h6 11.Bh4 Ne4 12.Bxe7 Qxe7 13.Rc1 c5 14.dxc5 Ndxc5 15.Bb1 Rfd8
16.b4 Nxc3 17.Rxc3 Ne4 18.Bxe4 dxe4 19.Nd4 Rac8 20.Qd2 Rxc3 21.Qxc3 Rc8 22.Qb2 Qc7
23.h3 Qc3 24.Rb1 a6 25.Ne2 Qc2 26.Kf1 Bd5 27.Ke1 Kf8 28.Qxc2 Rxc2 29.Rd1 Bc4
30.Rd2 Rxd2 31.Kxd2 Bxe2 32.Kxe2 Ke7  1/2-1/2

[Event "Recklinghausen op"]
[Site "Recklinghausen"]
[Date "1999.??.??"]
[Round "6"]
[White "Bagaturov, Giorgi"]
[Black "Schmittdiel, Eckhard"]
[Result "1-0"]
[WhiteElo "2530"]
[BlackElo "2505"]

1.d4 e6 2.c4 Nf6 3.Nf3 b6 4.a3 Bb7 5.Nc3 d5 6.cxd5 exd5 7.g3 Be7 8.Qa4+ c6
9.Bg2 O-O 10.O-O Nbd7 11.Rd1 Re8 12.Bf4 Bf8 13.Rac1 g6 14.Ne5 b5 15.Qb3 Nh5
16.e4 Nxf4 17.gxf4 Nb6 18.exd5 cxd5 19.Nxb5 Re7 20.f5 gxf5 21.Qg3+ Bg7 22.Kh1 Kh8
23.Nd6 Qg8 24.Qh4 Rxe5 25.dxe5 Bc8 26.Nxc8 Rxc8 27.Rxc8 Qxc8 28.Qe7 h6 29.Qxf7 Bxe5
30.Bxd5 Bxb2 31.Re1  1-0

[Event "Recklinghausen op"]
[Site "Recklinghausen"]
[Date "1999.??.??"]
[Round "7"]
[White "Bagaturov, Giorgi"]
[Black "Lerner, Konstantin Z"]
[Result "0-1"]
[WhiteElo "2530"]
[BlackElo "2585"]

1.d4 Nf6 2.c4 e6 3.Nf3 b6 4.a3 Ba6 5.Qc2 Bb7 6.Nc3 c5 7.e4 cxd4 8.Nxd4 d6
9.Be2 Be7 10.Be3 a6 11.f4 Qc7 12.g4 g6 13.O-O-O e5 14.fxe5 dxe5 15.Nb3 Nbd7
16.g5 Nh5 17.Bxh5 gxh5 18.Nd5 Bxd5 19.cxd5 Qxc2+ 20.Kxc2 Rg8 21.Kd3 Rg6 22.Rhg1 Rc8
23.Rdf1 a5 24.a4 Rb8 25.Rf5 b5 26.Nxa5 bxa4 27.Nc4 Rb3+ 28.Ke2 f6 29.gxf6 Bxf6
30.Rc1 Rg2+ 31.Rf2 Rxf2+ 32.Kxf2 Be7 33.Ke2 h6 34.Rc2 Bg5 35.Nd6+ Ke7 36.Nf5+ Kd8
37.Kf3 Nf6 38.h3 Rb4 39.Bxg5 hxg5 40.Nd6 Rb3+ 41.Kg2 Kd7 42.Nc4 Nxe4 43.Re2 Nc5
44.Rf2 Rb4 45.Nxe5+ Kd6 46.Nc6 Re4 47.Rf5 Re2+ 48.Kf3 Rxb2 49.Ne5 Rc2 50.Nf7+ Ke7
51.Nxg5 a3 52.Rf7+ Kd6 53.Ne4+ Nxe4 54.Kxe4 Rc4+ 55.Kd3 Ra4 56.Rf1 a2 57.Ra1 Kxd5
58.Kc3 Ke4 59.h4 Kf3 60.Kb2 Ra5 61.Rf1+ Kg2 62.Ra1 Kg3 63.Rg1+ Kxh4 64.Ka1 Kh3
65.Rc1 Rg5  0-1

[Event "Recklinghausen op"]
[Site "Recklinghausen"]
[Date "1999.??.??"]
[Round "9"]
[White "Mietner, Wolfgang"]
[Black "Wegener, Olaf"]
[Result "0-1"]
[WhiteElo "2120"]
[BlackElo "2310"]

1.d4 Nf6 2.c4 e6 3.Nf3 b6 4.a3 Bb7 5.Nc3 d5 6.cxd5 Nxd5 7.Nxd5 Qxd5 8.g3 c5
9.Bg2 Nc6 10.Qa4 cxd4 11.O-O b5 12.Qd1 Bc5 13.Ng5 Qd7 14.b4 Bb6 15.Bb2 h6
16.Ne4 Ne5 17.e3 Rd8 18.Rc1 Nc4 19.Bxd4 Bxd4 20.Qxd4 Qxd4 21.exd4 Rxd4 22.Nf6+ Ke7
23.Bxb7 Kxf6 24.Ba6 Rb8 25.a4 Nd2  0-1

[Event "Liechtenstein op"]
[Site "Schaan"]
[Date "1999.??.??"]
[Round "3"]
[White "Lacrosse, Marc"]
[Black "Belotti, Bruno"]
[Result "1-0"]
[WhiteElo "2175"]
[BlackElo "2440"]

1.d4 Nf6 2.c4 e6 3.Nf3 b6 4.a3 Ba6 5.Qc2 c5 6.d5 exd5 7.cxd5 g6 8.Nc3 Bg7
9.g3 O-O 10.Bg2 d6 11.O-O Nbd7 12.Re1 Re8 13.h3 b5 14.Bf4 Nb6 15.e4 Nh5 16.Bg5 Bf6
17.Bxf6 Qxf6 18.e5 dxe5 19.Ne4 Qg7 20.Nxc5 Rac8 21.b4 Bb7 22.d6 e4 23.Ng5 f5
24.Rad1 Re5 25.d7  1-0

[Event "Staufer-Open 11th"]
[Site "Schwaebisch Gmuend"]
[Date "1999.??.??"]
[Round "3"]
[White "Kekelidze, Mikheil"]
[Black "Hofmann, Martin"]
[Result "1-0"]
[WhiteElo "2455"]
[BlackElo "2195"]

1.Nf3 Nf6 2.d4 e6 3.c4 b6 4.a3 Be7 5.Nc3 Bb7 6.d5 d6 7.g3 e5 8.Bg2 a5 9.O-O Nbd7
10.Rb1 O-O 11.b4 Bc8 12.e4 Ne8 13.Ne1 g6 14.Nd3 Ng7 15.f4 Bf6 16.Nb5 Ne8
17.Be3 Qe7 18.Qd2 exf4 19.gxf4 Ba6 20.Rbe1 Bg7 21.Bf2 Qd8 22.e5 Bh6 23.e6 Ne5
24.Qc3 axb4 25.axb4 Bxf4 26.Nxf4  1-0

[Event "Staufer-Open 11th"]
[Site "Schwaebisch Gmuend"]
[Date "1999.??.??"]
[Round "4"]
[White "Latzke, Boris Alexander"]
[Black "Krotschak, Joscha"]
[Result "1-0"]
[WhiteElo "2215"]
[BlackElo "1895"]

1.d4 Nf6 2.c4 e6 3.Nf3 b6 4.a3 Bb7 5.Nc3 d5 6.cxd5 Nxd5 7.Qc2 c5 8.e4 Nxc3
9.bxc3 Be7 10.Bb5+ Bc6 11.Bd3 O-O 12.O-O cxd4 13.cxd4 Bb7 14.Qe2 Nc6 15.Bb2 Rc8
16.Rad1 Bf6 17.d5 exd5 18.e5 Be7 19.Bf5 Rb8 20.e6 f6 21.Qd3 h6 22.Nh4 Ne5
23.Bxe5 fxe5 24.Bh7+ Kh8 25.Ng6+ Kxh7 26.Nxf8+ Kg8 27.Qh7+  1-0

[Event "St Lorrain Masters-B"]
[Site "St Lorrain"]
[Date "1999.??.??"]
[Round "?"]
[White "Royer, Sylvain"]
[Black "Guigonis, Dominique"]
[Result "1/2-1/2"]
[WhiteElo "2210"]
[BlackElo "2310"]

1.d4 Nf6 2.Nf3 e6 3.c4 b6 4.a3 Bb7 5.Nc3 d5 6.Qa4+ Qd7 7.Qxd7+ Nbxd7 8.Nb5 Bd6
9.Nxd6+ cxd6 10.cxd5 Bxd5 11.e3 Rc8 12.Ba6 Rc7 13.O-O Nb8 14.Bd3 Be4 15.Bxe4 Nxe4
16.Bd2 Nxd2 17.Nxd2 Kd7 18.Rfc1 Rhc8 19.Nb3 Rc2 20.Nc5+ R2xc5 21.dxc5 bxc5
22.Kf1 d5 23.Ke2  1/2-1/2

[Event "St Lorrain Masters"]
[Site "St Lorrain"]
[Date "1999.??.??"]
[Round "3"]
[White "Gentilleau, Jean Philippe"]
[Black "Mancini, Mario"]
[Result "0-1"]
[WhiteElo "2165"]
[BlackElo "2340"]

1.Nf3 Nf6 2.d4 b6 3.c4 e6 4.a3 Bb7 5.Nc3 d5 6.Bg5 Be7 7.Qa4+ c6 8.g3 O-O
9.Bg2 Nbd7 10.O-O a6 11.cxd5 cxd5 12.Rfc1 b5 13.Qd1 h6 14.Bf4 Qb6 15.a4 Rfc8
16.axb5 axb5 17.Rxa8 Rxa8 18.Ne5 Qa5 19.Nxd7 Nxd7 20.Nb1 Bd8 21.Qd2 Qb6 22.h4 b4
23.h5 Nf6 24.Bf3 Ne4 25.Bxe4 dxe4 26.Be5 Ra1 27.b3 Qa5 28.e3 Be7 29.Kg2 f6
30.Bf4 Qxh5 31.Qb2 Ra5  0-1

[Event "SVK-chT 9899"]
[Site "SVK"]
[Date "1999.??.??"]
[Round "8"]
[White "Hanko, Pavel"]
[Black "Marek, Stanislav"]
[Result "1/2-1/2"]
[WhiteElo "2210"]
[BlackElo "2240"]

1.d4 Nf6 2.Nf3 b6 3.c4 e6 4.a3 Bb7 5.Nc3 d5 6.Bg5 Be7 7.e3 O-O 8.cxd5 Nxd5
9.Bxe7 Qxe7 10.Bd3 Nd7 11.O-O c5 12.Rc1 cxd4 13.Nxd4 Rac8 14.Nxd5 Bxd5 15.Qe2 Bb7
16.Bb5 Nb8 17.Qg4 Rxc1 18.Rxc1 Qd6 19.Be2 a6 20.Bf3 Rc8 21.Rxc8+ Bxc8 22.Qe4 Qc7
23.h3 g6 24.b4 e5 25.Nc6 Nxc6 26.Qxc6 Qxc6 27.Bxc6 Kf8 28.Kf1 Ke7 29.Ke2 Kd6
30.Be8 Be6 31.Kd3 f6 32.h4 b5 33.h5 Bc4+ 34.Kc3 gxh5 35.Bxh5 Bf1 36.Bf3 f5
37.Bb7 Kc7 38.Bxa6 Kb6 39.Bc8 Bxg2 40.Kd2 h5 41.f4 exf4 42.exf4 Be4 43.Ke3 h4
44.Kf2 Kc6 45.Be6 Kd6 46.Bb3 Bd5 47.Bd1 Bc6 48.Bb3 Bd5  1/2-1/2

[Event "SWZ-chT"]
[Site "SWZ"]
[Date "1999.??.??"]
[Round "8"]
[White "Begovac, Franja"]
[Black "Kupper, Patrick"]
[Result "1-0"]
[WhiteElo "2424"]
[BlackElo "2300"]

1.d4 Nf6 2.c4 e6 3.Nf3 b6 4.a3 Ba6 5.e3 d5 6.b3 Be7 7.Bd3 O-O 8.Bb2 Nbd7
9.O-O c5 10.Nbd2 Rc8 11.Qe2 Bb7 12.Rad1 Qc7 13.Ne5 Nxe5 14.dxe5 Nd7 15.f4 g6
16.Qg4 Rfd8 17.h4 d4 18.h5 dxe3 19.hxg6 hxg6 20.Bxg6 exd2 21.Bxf7+ Kxf7 22.f5 exf5
23.e6+ Kxe6 24.Qxf5+ Kd6 25.Rxd2+ Bd5 26.Qxd5+  1-0

[Event "Tampere op2"]
[Site "Tampere"]
[Date "1999.??.??"]
[Round "5"]
[White "Luukkonen, Tommi"]
[Black "Koskela, Niina"]
[Result "1-0"]
[WhiteElo "2155"]
[BlackElo "2213"]

1.d4 Nf6 2.Nf3 e6 3.c4 b6 4.a3 Bb7 5.Nc3 d5 6.cxd5 exd5 7.e3 Be7 8.Bb5+ c6
9.Bd3 Nbd7 10.O-O O-O 11.Ne5 c5 12.f4 Ne4 13.Qf3 Ndf6 14.Ne2 Nd6 15.f5 Nfe4
16.Ng3 Bf6 17.Nh5 Qe7 18.Nxf6+ Nxf6 19.Bd2 Nc4 20.Bc3 Nd6 21.Qh3 Nde4 22.Rf4 Rfd8
23.Ng4 Nxg4 24.Rxg4 Nf6 25.Rg3 Rd6 26.Qh6 Ng4 27.Qf4 Nf6 28.Qg5 Kf8 29.dxc5 bxc5
30.Qxg7+ Ke8 31.Bb5+ Kd8 32.Ba5+ Rb6 33.Qg5 Kc8 34.Bxb6 axb6 35.Qf4 Ba6 36.Bxa6+ Rxa6
37.Rd1 Ra7 38.Rg7 Rd7 39.b4 c4 40.Qd4 Kb7 41.a4 Ne8 42.Rxh7 Qxb4 43.Rxf7 Rc7
44.Qxd5+ Ka7 45.Rxc7+ Nxc7 46.Qd6 Qxd6 47.Rxd6  1-0

[Event "Isla de Tenerife op"]
[Site "Tenerife"]
[Date "1999.??.??"]
[Round "8"]
[White "Vegh, Endre"]
[Black "Dimitrov, Vladimir"]
[Result "1/2-1/2"]
[WhiteElo "2300"]
[BlackElo "2465"]

1.d4 e6 2.c4 Nf6 3.Nf3 b6 4.a3 c5 5.d5 Ba6 6.Qc2 exd5 7.cxd5 g6 8.g3 Bg7
9.Bg2 O-O 10.O-O Re8 11.Re1 d6 12.Nc3 Nbd7 13.h3 b5 14.Bf4 Qb6 15.e4 Bb7  1/2-1/2

[Event "Turku op"]
[Site "Turku"]
[Date "1999.??.??"]
[Round "2"]
[White "Kallio, Heikki"]
[Black "Tuominen, Risto"]
[Result "1-0"]
[WhiteElo "2352"]
[BlackElo "2218"]

1.d4 Nf6 2.c4 e6 3.Nf3 b6 4.a3 Bb7 5.Nc3 d5 6.cxd5 Nxd5 7.Bd2 Be7 8.Qc2 O-O
9.e4 Nxc3 10.Bxc3 Qc8 11.O-O-O Ba6 12.h4 Bxf1 13.Rdxf1 Nd7 14.h5 b5 15.d5 exd5
16.Nd4 Qb7 17.Nf5 Bf6 18.Bxf6 gxf6 19.exd5 Kh8 20.Rd1 b4 21.axb4 Qxb4 22.Rh4 Qa5
23.Ra4 Qb5 24.Rc4 Rfe8 25.Kb1 Rab8 26.Rxc7 Nb6 27.Nd6 Qe2 28.Nxf7+  1-0

[Event "LTU-ch"]
[Site "Vilnius"]
[Date "1999.??.??"]
[Round "?"]
[White "Labuckas, Aidas"]
[Black "Godlauskas, Kazys"]
[Result "1/2-1/2"]
[WhiteElo "2395"]
[BlackElo "2221"]

1.Nf3 Nf6 2.c4 e6 3.d4 b6 4.a3 Ba6 5.Qc2 Bb7 6.Nc3 c5 7.dxc5 Bxc5 8.Bf4 a6
9.e3 O-O 10.Rd1 Be7 11.Be2 d6 12.h3 Qc7 13.O-O Rd8 14.Qd2 Nc6 15.Qc2 Na7
16.e4 Nd7 17.Rd2 Ne5 18.Nxe5 dxe5 19.Be3 Rxd2 20.Qxd2 Rd8 21.Qc1 Bc5 22.Bxc5 Qxc5
23.Qe3 Qxe3 24.fxe3 Kf8 25.Rd1 Ke7 26.Rxd8 Kxd8 27.Kf2  1/2-1/2

[Event "JUG-chT"]
[Site "Vrnjacka Banja"]
[Date "1999.??.??"]
[Round "3"]
[White "Colovic, Dusan"]
[Black "Savic, Miodrag R"]
[Result "0-1"]
[WhiteElo "2364"]
[BlackElo "2434"]

1.d4 Nf6 2.c4 e6 3.Nf3 b6 4.a3 Bb7 5.Nc3 d5 6.cxd5 Nxd5 7.Bd2 Be7 8.Qc2 O-O
9.e4 Nxc3 10.Bxc3 Nd7 11.O-O-O Qc8 12.h4 Nf6 13.Bd3 c5 14.dxc5 Qxc5 15.Kb1 Rfd8
16.e5 Nd5 17.Bxh7+ Kf8 18.Bd2 Rac8 19.Qb3 Qc4 20.Qxc4 Rxc4 21.Ng5 Rd4 22.Nf3 Rg4
23.Rdg1 Nf4 24.Bxf4 Rxf4 25.h5 Bc5 26.h6 gxh6 27.Rxh6 Kg7 28.Rh5 Rh8 29.Rg5+ Kf8
30.Bc2 Bxf2 31.Rf1 Bh4 32.Rh1 Bxf3 33.gxf3 Rxf3 34.Rgg1 Rh6 35.Rd1 Kg7 36.Rdg1+ Bg3
37.Rxh6 Kxh6 38.Rh1+ Kg5 39.Bd1 Re3 40.Rh5+ Kg6 41.Rh3 Bf4  0-1

[Event "JUG-chT"]
[Site "Vrnjacka Banja"]
[Date "1999.??.??"]
[Round "9"]
[White "Atalik, Suat"]
[Black "Komarov, Dimitri"]
[Result "1/2-1/2"]
[WhiteElo "2598"]
[BlackElo "2582"]

1.d4 Nf6 2.c4 e6 3.Nf3 b6 4.a3 Ba6 5.Qc2 Bb7 6.Nc3 c5 7.e4 cxd4 8.Nxd4 Bc5
9.Nb3 Nc6 10.Bf4 e5 11.Bg5 h6 12.Bh4 Be7 13.Bd3 O-O 14.O-O Ne8 15.Bxe7 Nxe7
16.Rfd1 Nc7 17.f3 Ne6 18.Qf2 Nc6 19.Bf1 Ba6 20.Nd5 Rc8 21.Rac1 d6 22.Ne3 Ncd4
23.Nxd4 Nxd4 24.Rc3 Rc6 25.Nc2 Nxc2 26.Qxc2 Qc7 27.b4 Bc8 28.Rc1 Be6 29.Qf2 Rc8
30.Bd3 Qe7 31.Qe3 Qg5 32.Kf2 Qh4+ 33.Kg1 Qg5 34.Kf2 Qh4+ 35.Kg1  1/2-1/2

[Event "Wisla Hugart op (Women)"]
[Site "Warsaw"]
[Date "1999.??.??"]
[Round "?"]
[White "Bobrowska, Monika"]
[Black "Peptan, Corina"]
[Result "1/2-1/2"]
[WhiteElo "2440"]
[BlackElo "2427"]

1.d4 Nf6 2.Nf3 e6 3.c4 b6 4.a3 Bb7 5.Nc3 d5 6.cxd5 Nxd5 7.Qc2 Be7 8.e4 Nxc3
9.bxc3 O-O 10.Bc4 c5 11.O-O Nc6 12.Rd1 Na5 13.Ba2 cxd4 14.cxd4 Qc8 15.Qd3 Ba6
16.Qe3 Bc4 17.Bd2 Bxa2 18.Bxa5 bxa5 19.Rxa2 Qc4 20.Raa1 Rfd8 21.Rab1 Qa4
22.Qf4 Bf6 23.Rd3 Rac8 24.e5 Be7 25.h4 h6 26.Ne1 Bf8 27.g4 Rb8 28.Rc1 Rdc8
29.Rxc8 Rxc8 30.g5 hxg5 31.hxg5 g6 32.Rf3 Rc7 33.Ng2 Rd7 34.Rd3 Qc2 35.Qe3 Rc7
36.Kh2 Qb1 37.d5 exd5 38.e6 Qb6 39.Nf4 Qxe3 40.exf7+ Kxf7 41.fxe3 Be7 42.Rxd5 Rc5
43.Rd7 Ke8 44.Rxa7 Rxg5 45.a4 Bb4  1/2-1/2

[Event "Zaragoza op 11th"]
[Site "Zaragoza"]
[Date "1999.??.??"]
[Round "9"]
[White "Franco Ocampo, Zenon"]
[Black "Oms Pallise, Josep"]
[Result "1/2-1/2"]
[WhiteElo "2460"]
[BlackElo "2440"]

1.Nf3 Nf6 2.c4 e6 3.d4 b6 4.a3 Ba6 5.Qc2 c5 6.e4 cxd4 7.Nxd4 d6 8.Nc3 Be7
9.Be2 O-O 10.Be3 Qd7 11.O-O-O Nc6 12.Ndb5 Rac8 13.f4 Bxb5 14.cxb5 Na5 15.Kb1 Qb7
16.Bf3 Nd7 17.Qe2 Rfd8 18.Na2 Nc4 19.Bc1 Nb8 20.Nb4 a6 21.b3 Na5 22.bxa6 Qa7
23.Qd3 Nac6 24.Nxc6 Rxc6 25.Be2 b5 26.Qxb5 Rxa6 27.b4 Rb6 28.Qd3 Nc6 29.Be3 Rdb8
30.Qb3 d5 31.Bxb6 Rxb6 32.Rc1 g6 33.b5 Nd4 34.Rc8+ Kg7 35.Qc3 e5 36.Rc7 Qxa3
37.Qxa3 Bxa3 38.Bd3 Bd6 39.Rd7 dxe4 40.fxe5 Bxe5 41.Bxe4 Rxb5+ 42.Kc1  1/2-1/2

[Event "Premier"]
[Site "Hastings ENG"]
[Date "2000.01.04"]
[Round "1"]
[White "Lalic,B"]
[Black "Emms,J"]
[Result "1/2-1/2"]
[WhiteElo "2548"]
[BlackElo "2546"]

1.d4 Nf6 2.c4 e6 3.Nf3 b6 4.a3 Ba6 5.Qc2 c5 6.d5 exd5 7.cxd5 g6 8.Nc3 Bg7
9.g3 O-O 10.Bg2 d6 11.O-O Re8 12.Re1 b5 13.e4 Nbd7 14.Bf4 Qb6 15.Bh3 Rad8
16.Rad1 Bc8 17.Bf1 a6 18.h3 Bb7 19.Nd2 c4 20.Bxc4 bxc4 21.Nxc4 Qa7 22.Nxd6 Rf8
23.g4 Ne8 24.Nxb7 Qxb7 25.e5 Nc7 26.Bh2 Rfe8 27.f4  1/2-1/2

[Event "VII Anibal Open"]
[Site "Linares ESP"]
[Date "2000.01.07"]
[Round "1"]
[White "Castillo Gallego,S"]
[Black "Delchev,A"]
[Result "0-1"]
[WhiteElo "2113"]
[BlackElo "2521"]

1.d4 Nf6 2.c4 e6 3.Nf3 b6 4.a3 Bb7 5.Nc3 d5 6.cxd5 Nxd5 7.Qc2 Nxc3 8.bxc3 Nd7
9.e4 c5 10.Bd3 Qc8 11.Bb2 cxd4 12.cxd4 Qxc2 13.Bxc2 Rc8 14.Bd3 Bd6 15.O-O O-O
16.Rad1 a5 17.a4 Bb4 18.Rc1 Nf6 19.Ne5 Nxe4 20.Nd7 Rfd8 21.Nxb6 Rb8 22.Rfd1 Nf6
23.d5 Nxd5 24.Bd4 Nf4 25.Be5 Bd6 26.Bxd6 Rxd6 27.Nc4 Rxd3 28.Rxd3 Nxd3 29.Rb1 Nc5
30.Nxa5 Rd8 31.Kf1 Bd5  0-1

[Event "Corus B"]
[Site "Wijk aan Zee NED"]
[Date "2000.01.23"]
[Round "5"]
[White "Delemarre,J"]
[Black "Van der Wiel,J"]
[Result "0-1"]
[WhiteElo "2354"]
[BlackElo "2558"]

1.d4 Nf6 2.c4 e6 3.Nf3 b6 4.a3 Bb7 5.Nc3 g6 6.Qd3 Bg7 7.e4 d6 8.g3 c5 9.Bg2 O-O
10.O-O cxd4 11.Nxd4 Nbd7 12.Rd1 a6 13.b3 Rc8 14.Bb2 Rc7 15.Qe2 Qa8 16.f3 Rfc8
17.Qe3 Nc5 18.Nce2 e5 19.Nc2 b5 20.cxb5 axb5 21.Nb4 Ncxe4 22.Bh3 Nc5 23.Bxc8 Rxc8
24.Rf1 e4 25.Bxf6 Bxf6 26.fxe4 Bxa1 27.Rxa1 Nxe4 28.h3 Rc5 29.Kh2 Ng5 30.g4 Nf3+
31.Kg3 Qd8 32.Ng1 Qh4+ 33.Kg2 Ne5+ 34.Kf1 Nxg4 35.hxg4 Qf6+  0-1

[Event "Perenyi Mem"]
[Site "Gyula HUN"]
[Date "2000.01.31"]
[Round "9"]
[White "Lauber,A"]
[Black "Li Wenliang"]
[Result "1/2-1/2"]
[WhiteElo "2416"]
[BlackElo "2444"]

1.d4 Nf6 2.c4 e6 3.Nf3 b6 4.a3 Bb7 5.Nc3 d5 6.cxd5 Nxd5 7.Qc2 Be7 8.e4 Nxc3
9.bxc3 O-O 10.Bd3 c5 11.O-O Qc8 12.Qe2 Ba6 13.Bf4 Bxd3 14.Qxd3 Nd7 15.Rfe1 cxd4
16.cxd4 Qb7 17.Rad1 Bf6 18.d5 Nc5 19.Qe3 Rfe8 20.d6 e5 21.Bg3 Rac8 22.Rd5 Nd7
23.Rc1 g6 24.h3 Bg7 25.Qd2 Rc6 26.Rxc6 Qxc6 27.Qa2 Rc8 28.Kh2 Qc4 29.Qxc4 Rxc4
30.Bxe5 Rxe4 31.Bxg7 Kxg7 32.Nd4 Kf6 33.Nb5 Re5 34.Rxe5 Kxe5 35.Nxa7 Kxd6
36.Kg3 Kc5 37.Kf4 f6 38.Nc8 Kd5 39.g4 Ke6 40.Ke4 h6 41.f4 Nc5+ 42.Kd4 Nd7
43.h4 h5 44.f5+ Kf7 45.gxh5 g5 46.hxg5 fxg5 47.a4 Kg7 48.Nxb6 Nxb6 49.a5 Nd7
50.Kd5 g4 51.Ke4 Kh6 52.Kf4 Kxh5 53.a6 g3  1/2-1/2

[Event "Wydra mem rapidplay"]
[Site "Haifa ISR"]
[Date "2000.02.03"]
[Round "1"]
[White "Greenfeld,A"]
[Black "Psakhis,L"]
[Result "1-0"]
[WhiteElo "2563"]
[BlackElo "2599"]

1.d4 e6 2.c4 Nf6 3.Nf3 b6 4.a3 Bb7 5.Nc3 d5 6.cxd5 Nxd5 7.e3 g6 8.Bb5+ c6
9.Ba4 Nxc3 10.bxc3 Bg7 11.O-O O-O 12.e4 c5 13.Re1 Qd6 14.Bg5 Nc6 15.e5 Qc7
16.h4 h6 17.Bf4 Ne7 18.Qe2 Nf5 19.Bc2 cxd4 20.Bxf5 exf5 21.cxd4 Bd5 22.Qe3 Kh7
23.e6 Qe7 24.exf7 Qxe3 25.Rxe3 Rxf7 26.Rae1 Bxf3 27.gxf3 Bxd4 28.Re7 Rf8
29.Bd6 Bf6 30.Rxa7 Rxa7 31.Bxf8 Bxh4 32.Re6 Rb7 33.Bb4 Kg7 34.Bc3+ Kf7 35.Rc6 Bd8
36.Bd4 b5 37.f4 Be7 38.Be5 h5 39.Kg2 h4 40.Ra6 Bd8 41.Kf3 Rb6 42.Ra7+ Ke6
43.Rg7 Kd5 44.Rd7+ Kc4 45.Rxd8 Kb3 46.Rd3+ Ka4 47.Bg7 Re6 48.Bf8 Re1 49.Bb4 Rb1
50.Kg2 Rb2 51.Rh3  1-0

[Event "Perenyi Mem"]
[Site "Gyula HUN"]
[Date "2000.02.04"]
[Round "13"]
[White "Lauber,A"]
[Black "Yu Shaoteng"]
[Result "0-1"]
[WhiteElo "2416"]
[BlackElo "2535"]

1.d4 e6 2.c4 Nf6 3.Nf3 b6 4.a3 Ba6 5.Qc2 c5 6.d5 exd5 7.cxd5 g6 8.Nc3 Bg7
9.g3 O-O 10.Bg2 d6 11.O-O Re8 12.Re1 Nbd7 13.h3 b5 14.e4 Qc8 15.Bf1 b4 16.Nb5 Bxb5
17.Bxb5 Rb8 18.a4 b3 19.Qb1 a6 20.Bc4 Rb4 21.Qd3 Nb6 22.Bxa6 Qxh3 23.a5 Nbd7
24.Bd2 Rbb8 25.Bc3 Ng4 26.Bxg7 Kxg7 27.Qf1 Qh6 28.Qg2 Nde5 29.Nxe5 Rxe5 30.Be2 Nf6
31.f3 Qd2 32.Bf1 Qb4 33.Rec1 Nd7 34.Rc4 Qb7 35.Rc3 f5 36.exf5 Rxf5 37.f4 g5
38.Bd3 Rf7 39.Bc4 gxf4 40.Rxb3 Qa7 41.gxf4+ Kh8 42.Rg3 Rxf4 43.Rf1 Rxf1+
44.Qxf1 Rf8 45.Qe1 Ne5 46.Qc3 Qe7 47.Rg2 Rf3 48.Qc1 Qh4 49.Be2 Rh3 50.Kf1 Rh1+  0-1

[Event "NED-chT"]
[Site "Amsterdam NED"]
[Date "2000.02.05"]
[Round "1"]
[White "De Haan,E"]
[Black "Ligterink,G"]
[Result "1-0"]
[WhiteElo "2283"]
[BlackElo "2391"]

1.d4 Nf6 2.c4 e6 3.Nf3 b6 4.a3 Ba6 5.Qc2 Bb7 6.Nc3 c5 7.dxc5 bxc5 8.Bf4 Be7
9.Rd1 d6 10.Nb5 Ne4 11.Nd2 Nf6 12.Nb1 Be4 13.Qc1 Bxb1 14.Qxb1 O-O 15.Bxd6 Bxd6
16.Rxd6 Qe7 17.Rd1 Nc6 18.e3 Rab8 19.Be2 a6 20.Nc3 Rb3 21.Qc2 Rfb8 22.Rb1 Qc7
23.O-O Qb6 24.Rfd1 Rxb2 25.Rxb2 Qxb2 26.Qxb2 Rxb2 27.Bf3  1-0

[Event "5th HIT Open"]
[Site "Nova Gorica SLO"]
[Date "2000.02.07"]
[Round "7"]
[White "Lipinsky,F"]
[Black "Fercec,N"]
[Result "1-0"]
[WhiteElo "2313"]
[BlackElo "2464"]

1.d4 Nf6 2.c4 e6 3.Nf3 b6 4.a3 c5 5.d5 Ba6 6.Qc2 exd5 7.cxd5 g6 8.Nc3 Bg7
9.g3 O-O 10.Bg2 d6 11.O-O Re8 12.Re1 b5 13.e4 Nbd7 14.Bf4 Qb6 15.h3 Rac8
16.Be3 Qb7 17.Bf1 c4 18.Bg2 Nc5 19.Bxc5 Rxc5 20.e5 dxe5 21.Nxe5 Nxd5 22.Ng4 Rd8
23.Nxd5 Rcxd5 24.Ne3 Rd2 25.Bxb7 Rxc2 26.Bxa6 Rxb2 27.Rab1 c3 28.Rxb2 cxb2
29.Bxb5 Rc8 30.Kf1 Rc1 31.Bd3 Rc3 32.Bb1 Rxa3 33.Nc4 Ra1 34.Re8+ Bf8 35.Nd2 Kg7
36.Rb8 Ba3 37.Ke2 a5 38.Rb3 a4 39.Rb5 Kf6 40.Kd1 Ke6 41.Kc2 f5 42.Nc4 h5
43.f4 Kd7 44.Rd5+ Kc6 45.Rd3  1-0